| 000 | 00362cam a22001217a 4500 | ||
|---|---|---|---|
| 008 | 180718b1985 xxu||||| |||| 00| 0 eng d | ||
| 082 | _aT39 Sh23 | ||
| 100 | _aSharan, V. | ||
| 245 |
_aInternational economic order and the less developed countries _cby V. Sharan |
||
| 260 |
_aDelhi _bSterling _c1985 |
||
| 300 | _a111p. | ||
| 650 | _aInternational economic relations | ||
| 999 |
_c354259 _d354259 |
||